| 000 | 00488nam a2200157Ia 4500 | ||
|---|---|---|---|
| 008 | 230917s9999||||xx |||||||||||||| ||und|| | ||
| 040 |
_e80974 _aMAIN |
||
| 041 | _aEnglish | ||
| 082 | _a346.096 A38L(9) | ||
| 100 | _aAggarwal, Chiranjiva Lal | ||
| 245 | 0 | _aLaw of Hindus and Negotiable Instruments, being a commentary on the Negotiable Instruments Act (Act No. 26 of 1881) etc. | |
| 250 | _a9th ed. | ||
| 260 |
_aLucknow _bEastern Book _c1977 |
||
| 300 | _axxiv, 606 p. | ||
| 942 | _cBK | ||
| 999 |
_c190128 _d190128 |
||